000 02394cam a22003374a 4500
001 3435
003 FISKH
005 20240305141556.0
008 010117s2000 flu b 000 0 eng
010 _a 2001016666
020 _a1558748830
020 _a9781558748835
040 _aDLC
_cDLC
_dDLC
_beng
042 _apcc
050 0 0 _aLC268
_b.T554 2000
082 0 0 _a372/.01/1407
_221
100 1 _aTillman, Diane,
_d1949-
245 1 0 _aLiving Values, an Educational Program :
_beducator training guide /
_cdeveloped and written by Diane G. Tillman and Pilar Quera Colomina with special contributions from Carol Gill, Neil Hawkes, Peter Williams.
260 _aDeerfield Beach :
_bHealth Communications,
_c2000.
300 _a241 pages :
_c23 cm
504 _aIncludes bibliographical references (p. 239).
520 _aAs pervasive violence shatters our nation, the call for values echoes through headlines and school hallways as educators, parents and children become increasingly concerned and affected. The Living Values series offers a variety of experiential activities for teachers and parents to help them teach children and young adults to develop twelve critical social values: cooperation, freedom, happiness, honesty, humility, love, peace, respect, responsibility, simplicity, tolerance and unity. In each book, these twelve values are explored using age-appropriate lessons that incorporate group discussions, reading, quiet reflection time, songs, artwork and action-oriented activities. These lessons are already in use in more than 1,000 locations in sixty-two countries. Pilot results indicate that students are enthusiastic and teachers report a decrease in aggressive behavior and more motivated students. The Living Values Educational Program was born when twenty educators from around the world gathered at UNICEF Headquarters in New York in 1996 to discuss the needs of children and how to better prepare students for lifelong success. These global educators identified the curriculum and the program was ready for piloting in February of 1997.
610 2 0 _aLiving Values, an Educational Program.
650 0 _aMoral education.
650 0 _aValues
_xStudy and teaching.
650 0 _aTeachers
_xTraining of.
700 1 _aQuera Colomina, Pilar.
_eAuthor
906 _a7
_bcbc
_corignew
_d1
_eocip
_f20
_gy-gencatlg
942 _2ddc
_cBK
_n0
999 _c3435
_d3435